[Event "Challenge"]
[Site "http://www.queenalice.com/game.php?id=144761"]
[Date "2006.12.22"]
[Round "-"]
[White "geodiego"]
[Black "cubs"]
[Result "0-1"]
[WhiteElo "1413"]
[BlackElo "1562"]

1. d4 e6 2. Nf3 b6 3. e3 Bb7 4. Nbd2 f5 5. Nc4 Nf6 6. Ng5 Be7 7. Ne5 O-O 8. Bd3
Bxg2 9. Rg1 Bb7 10. Bc4 Bd5 11. Bxd5 exd5 12. Qd3 Ne4 13. Nxe4 fxe4 14. Qe2 Nc6
15. Qb5 Nxe5 16. Qxd5+ Nf7 17. Qxe4 d5 18. Qg2 Bf6 19. f3 c5 20. b3 cxd4 21. Bb2
g6 22. exd4 Qe7+ 23. Kf1 Rae8 24. c4 Bh4 25. Bc3 Qe3 26. Qd2 Qxf3+ 27. Qf2 Qxf2#
0-1

[Event "AUTO-OPEN-490"]
[Site "http://www.queenalice.com/game.php?id=144784"]
[Date "2006.12.22"]
[Round "1"]
[White "Kisei"]
[Black "geodiego"]
[Result "1-0"]
[WhiteElo "1950"]
[BlackElo "1453"]

1. e4 d6 2. d4 Nf6 3. Nc3 e6 4. Nf3 Nc6 5. Bb5 Bd7 6. O-O d5 7. exd5 exd5 8.
Re1+ Be7 9. Bxc6 Bxc6 10. Bg5 Qd6 11. Qe2 Ne4 12. Bxe7 Qxe7 13. Nxe4 dxe4 14.
Nd2 f5 15. f3 O-O-O 16. fxe4 Rxd4 17. exf5 Re8 18. Qxe7 Rxe7 19. Rxe7 Rxd2 20.
Rxg7 Be4 21. f6 Kd8 22. f7 Ke7 23. Rf1 Rd8 24. f8+=Q+ Ke6 25. Qf6+ Kd5 26. Rg5+
Kc4 27. Qc3# 1-0

[Event "AUTO-OPEN-490"]
[Site "http://www.queenalice.com/game.php?id=144785"]
[Date "2006.12.22"]
[Round "1"]
[White "geodiego"]
[Black "Kisei"]
[Result "0-1"]
[WhiteElo "1461"]
[BlackElo "1938"]

1. d4 d5 2. e3 Nf6 3. Nf3 e6 4. Be2 c5 5. c4 dxc4 6. Bxc4 Nc6 7. Nc3 cxd4 8.
exd4 Bd6 9. d5 exd5 10. Bxd5 O-O 11. Qd3 Nb4 12. Qd1 Nbxd5 13. Nxd5 Nxd5 14.
Qxd5 Bb4+ 15. Bd2 Qxd5 16. Bxb4 Qe4+ 17. Kf1 Qxb4 18. b3 Qc3 19. Re1 Bg4 20. Ne5
Rfe8 21. Re3 Qa1+ 22. Re1 Qxa2 23. Nxg4 Qa6+ 24. Re2 Qxe2+ 25. Kg1 Qe1# 0-1

[Event "AUTO-OPEN-490"]
[Site "http://www.queenalice.com/game.php?id=144810"]
[Date "2006.12.22"]
[Round "1"]
[White "grandeuberlandia"]
[Black "geodiego"]
[Result "1-0"]
[WhiteElo "2185"]
[BlackElo "1500"]

1. d4 e6 2. Nf3 d5 3. Bg5 f6 4. Bf4 Bd6 5. Bxd6 Qxd6 6. Nbd2 Qb4 7. Qc1 Bd7 8.
c3 Qd6 9. e4 f5 10. e5 Qe7 11. Bd3 Qf7 12. Qd1 Qh5 13. Qb3 b6 14. a4 Nc6 15. Qd1
Qg4 16. O-O Nf6 17. h3 Qg6 18. exf6 Qxf6 19. Re1 O-O 20. b4 a5 21. b5 Ne7 22.
Ne5 Rad8 23. Ndf3 Ng6 24. Nxg6 Qxg6 25. Ne5 1-0

[Event "AUTO-OPEN-490"]
[Site "http://www.queenalice.com/game.php?id=144811"]
[Date "2006.12.22"]
[Round "1"]
[White "geodiego"]
[Black "grandeuberlandia"]
[Result "0-1"]
[WhiteElo "1500"]
[BlackElo "2184"]

1. e3 d5 2. d4 Nf6 3. Nf3 Bg4 4. Be2 e6 5. Ne5 Bxe2 6. Qxe2 Nbd7 7. Qb5 Qb8 8.
Nxd7 Nxd7 9. Bd2 c6 10. Qd3 Bd6 11. e4 dxe4 12. Qxe4 Nf6 13. Qd3 Qc7 14. Nc3
O-O-O 15. g3 Rhe8 16. O-O-O h6 17. Rhe1 Kb8 18. Be3 Qa5 19. Qc4 Qf5 20. Rd3 Ng4
21. h4 Nxf2 22. Rf1 b5 23. Nxb5 Nxd3+ 24. Qxd3 Qxd3 0-1

[Event "AUTO-OPEN-490"]
[Site "http://www.queenalice.com/game.php?id=144828"]
[Date "2006.12.22"]
[Round "1"]
[White "geodiego"]
[Black "pomar"]
[Result "0-1"]
[WhiteElo "1480"]
[BlackElo "1836"]

1. e3 d5 2. d4 c5 3. Nc3 cxd4 4. exd4 Bf5 5. Bd3 Bxd3 6. Qxd3 Nc6 7. Qb5 Qd7 8.
Nf3 e6 9. Ne5 Nxe5 10. Bf4 Nc6 11. Qe2 Nxd4 12. Qd3 Nc6 13. O-O-O Nf6 14. h4 Bd6
15. Be3 Rc8 16. h5 h6 17. f4 Ng4 18. Rh4 Nxe3 19. Qxe3 O-O 20. g4 d4 21. Qe4
dxc3 22. bxc3 Ba3+ 23. Kb1 Qxd1# 0-1

[Event "AUTO-OPEN-490"]
[Site "http://www.queenalice.com/game.php?id=144829"]
[Date "2006.12.22"]
[Round "1"]
[White "pomar"]
[Black "geodiego"]
[Result "1-0"]
[WhiteElo "1960"]
[BlackElo "1459"]

1. e4 d6 2. f4 Nf6 3. Nc3 e5 4. d4 Nc6 5. Bb5 a6 6. Bxc6+ bxc6 7. dxe5 dxe5 8.
Qxd8+ Kxd8 9. fxe5 Ng4 10. Bf4 Bb4 11. O-O-O+ Ke8 12. Nh3 f6 13. exf6 gxf6 14.
Bxc7 Be6 15. a3 Bxc3 16. bxc3 Rc8 17. Ba5 Rg8 18. Nf4 Bf7 19. Rd6 Ke7 20. Rhd1
Ne3 21. Rd7+ Ke8 22. Rd8+ Rxd8 23. Rxd8+ Ke7 24. Rxg8 Bxg8 25. Bb4+ Ke8 26. Kd2
Nc4+ 27. Kd3 Ne5+ 28. Kd4 Ng6 29. Nh5 Kf7 30. Kc5 Ne5 31. Kb6 Kg6 32. Nf4+ Kg5
33. Nd3 Bc4 34. Nxe5 fxe5 35. Kxc6 Kf4 36. Kc5 Be2 37. Kd5 Bf1 38. g3+ Ke3 39.
c4 Bg2 40. Kxe5 Bxe4 41. c3 Bd3 42. c5 Kd2 43. c6 a5 44. Bxa5 Ba6 45. Kd6 Ke2
46. Kd7 Kf2 47. Bc7 Kg2 48. h4 Kh3 49. Bd6 Kg4 50. c7 h5 51. c8=Q Bxc8+ 52. Kxc8
Kf5 53. Kd7 Ke4 54. c4 Kd4 55. c5 Kc4 56. c6 Kb3 57. c7 Ka4 58. c8=Q Kb3 59.
Qb7+ Ka4 60. Qb4# 1-0

[Event "Challenge"]
[Site "http://www.queenalice.com/game.php?id=144929"]
[Date "2006.12.22"]
[Round "-"]
[White "geodiego"]
[Black "cubs"]
[Result "0-1"]
[WhiteElo "1473"]
[BlackElo "1458"]

1. d4 e6 2. e3 f5 3. Bd3 Nf6 4. f3 c5 5. Ne2 Nc6 6. c3 d5 7. Nd2 Bd6 8. Bb5 O-O
9. Nb3 c4 10. Nd2 Bd7 11. Rg1 Qe8 12. g4 fxg4 13. fxg4 Qg6 14. Nf4 Bxf4 15. exf4
Nxd4 16. cxd4 Bxb5 17. b3 c3 18. g5 cxd2+ 19. Qxd2 Ne4 20. Qb4 Bc6 21. h4 Qh5
22. Qe7 Rae8 23. Qa3 Qxh4+ 24. Kd1 Qf2 25. Bd2 Qxd2# 0-1

[Event "Challenge"]
[Site "http://www.queenalice.com/game.php?id=145174"]
[Date "2006.12.22"]
[Round "-"]
[White "geodiego"]
[Black "player_1"]
[Result "1-0"]
[WhiteElo "1376"]
[BlackElo "1497"]

1. e4 d6 2. Qf3 Nf6 3. d4 e5 4. d5 g6 5. Bg5 Bg7 6. Nd2 O-O 7. g4 Nbd7 8. h4 c5
9. h5 Qb6 10. Nc4 Qb4+ 11. c3 Qb5 12. hxg6 fxg6 13. Qh3 h5 14. gxh5 Nxh5 15.
Qe6+ Kh7 16. Be2 Nf6 17. Qxd6 Nxe4 18. Nxe5 Nxd6 19. Bxb5 Nxb5 20. Nd3 Nxc3 21.
Bd2 Re8+ 22. Kf1 Bg4 23. f3 Bf5 24. Nxc5 Bh6 25. Bxc3 Ng3+ 26. Kg2 Nxh1 27. Kxh1
Be3 28. Nxb7 Bxg1 29. Kxg1 Re2 30. Nd6 Rd8 31. Kf1 Bd3 32. Rd1 Rxd6 33. Rxd3 Re8
34. Bb4 Rd7 35. d6 Kg7 36. a4 a6 37. b3 Kf7 38. Bc3 Re6 39. Bb4 Kf6 40. a5 Kf5
41. Kf2 Re8 42. Bc5 1-0

[Event "Challenge"]
[Site "http://www.queenalice.com/game.php?id=145264"]
[Date "2006.12.23"]
[Round "-"]
[White "geodiego"]
[Black "chazagirl"]
[Result "0-1"]
[WhiteElo "1500"]
[BlackElo "1402"]

1. e4 c5 2. Bc4 a6 3. Qf3 f6 4. Qh5+ g6 5. Qxc5 e5 6. Qe3 Nh6 7. d3 Nf7 8. b3
Bb4+ 9. Bd2 Nc6 10. Bxb4 Nxb4 11. Qd2 Qa5 12. a3 Nc6 13. Qxa5 Nxa5 14. Nc3 b6
15. Bd5 Rb8 16. Nf3 Nd6 17. b4 Nab7 18. a4 Nd8 0-1

[Event "Challenge"]
[Site "http://www.queenalice.com/game.php?id=152672"]
[Date "2007.1.11"]
[Round "-"]
[White "hugo10"]
[Black "geodiego"]
[Result "0-1"]
[WhiteElo "1459"]
[BlackElo "1433"]

1. e4 e5 2. Bc4 d6 3. Nf3 Nf6 4. Ng5 Qd7 5. Nxf7 Rg8 6. Nxd6+ cxd6 7. Bxg8 Nxg8
8. O-O Nf6 9. f4 Nxe4 10. d3 Nf6 11. fxe5 dxe5 12. Nc3 b6 13. Qf3 Bc5+ 14. Be3
Bb7 15. Qf2 Bxe3 16. Qxe3 Ng4 17. Qe4 Bxe4 18. dxe4 Qd2 19. Nd5 Qxc2 20. h3 Qc5+
21. Kh1 Nf2+ 22. Kh2 Nxe4 23. Rfd1 Nc6 24. Rac1 Qd6 25. g4 Qh6 26. Nc7+ Kf8 27.
Nxa8 Qf4+ 28. Kg2 Qg3+ 29. Kf1 Qf2# 0-1

[Event "Chess is Cool"]
[Site "http://www.queenalice.com/game.php?id=153553"]
[Date "2007.1.13"]
[Round "-"]
[White "geodiego"]
[Black "BlackBishop"]
[Result "0-1"]
[WhiteElo "1476"]
[BlackElo "1649"]

1. d4 b6 2. e3 Bb7 3. Qd3 Nf6 4. Nc3 e6 5. e4 Ng4 6. f3 Nh6 7. Bxh6 gxh6 8. d5
Bg7 9. dxe6 fxe6 10. Nh3 Na6 11. Nf4 Nb4 12. Qd2 Qe7 13. Nh5 Qh4+ 14. g3 Qxh5
15. Nb5 Qc5 16. c3 Na6 17. c4 Rf8 18. Be2 O-O-O 19. g4 d5 20. exd5 exd5 21. cxd5
Rxd5 22. Qc1 Qe7 23. Nxa7+ Kb8 24. Kf2 Kxa7 25. Qe1 Re5 26. Qd2 Nc5 27. Rae1
Ne4+ 28. Ke3 Nxd2+ 29. Kxd2 Rd8+ 30. Kc1 Rxe2 31. Rxe2 Qxe2 32. Rg1 Qxb2# 0-1

[Event "Challenge"]
[Site "http://www.queenalice.com/game.php?id=153671"]
[Date "2007.1.13"]
[Round "-"]
[White "danco69"]
[Black "geodiego"]
[Result "0-1"]
[WhiteElo "1439"]
[BlackElo "1382"]

1. e4 e6 2. Qf3 Nf6 3. d4 d5 4. Bg5 h6 5. Bxf6 gxf6 6. exd5 exd5 7. Nc3 c6 8.
O-O-O Bg7 9. Re1+ Be6 10. Kb1 Na6 11. Bxa6 bxa6 12. Nh3 O-O 13. Na4 Qa5 14. Nc5
f5 15. Nxe6 fxe6 16. c3 Rab8 17. Rxe6 Qb5 18. Rhe1 Qxb2# 0-1

[Event "Challenge"]
[Site "http://www.queenalice.com/game.php?id=155452"]
[Date "2007.1.18"]
[Round "-"]
[White "BboyH"]
[Black "geodiego"]
[Result "1-0"]
[WhiteElo "1696"]
[BlackElo "1475"]

1. d4 e6 2. e4 d5 3. Nc3 Bb4 4. e5 Na6 5. Bxa6 Bxc3+ 6. bxc3 bxa6 7. Nf3 Rb8 8.
O-O f6 9. Qe2 Qd7 10. c4 Qc6 11. c5 fxe5 12. Nxe5 Qa4 13. c3 Bd7 14. Qf3 Nf6 15.
Bg5 Rf8 16. Bxf6 gxf6 17. Ng4 Bb5 18. Rfb1 f5 19. Ne5 Ke7 20. Qh5 Rbe8 21. Qxh7+
Kd8 22. Nc6+ Bxc6 23. Rb8# 1-0

[Event "Challenge"]
[Site "http://www.queenalice.com/game.php?id=157013"]
[Date "2007.1.21"]
[Round "-"]
[White "Nach"]
[Black "geodiego"]
[Result "1-0"]
[WhiteElo "1849"]
[BlackElo "1478"]

1. d4 d6 2. c4 c5 3. dxc5 dxc5 4. Qxd8+ Kxd8 5. Nf3 Be6 6. e4 Nf6 7. Ng5 h6 8.
Nxe6+ fxe6 9. Nc3 a6 10. Be3 Nbd7 11. O-O-O b6 12. f3 Ke8 13. g3 Rd8 14. Bh3 Ne5
15. Bxe6 Nxc4 16. Bf4 Rxd1+ 17. Rxd1 g5 18. Bxc4 b5 19. Nxb5 axb5 20. Bxb5+ Kf7
21. Be5 Bg7 22. Bxf6 Bxf6 23. Rd5 Rc8 24. a4 c4 25. e5 Ke6 26. exf6 Kxd5 27.
fxe7 c3 28. e8=Q Rxe8 29. Bxe8 cxb2+ 30. Kxb2 Kc5 31. f4 Kd6 32. a5 Kc7 33. a6
Kb8 34. f5 Ka7 35. f6 Kxa6 36. f7 h5 37. f8=Q h4 38. Bc6 Kb6 39. Qd6 Ka5 40.
Qc5+ Ka6 41. Qb5+ Ka7 42. Qb7# 1-0

[Event "Challenge"]
[Site "http://www.queenalice.com/game.php?id=160397"]
[Date "2007.1.29"]
[Round "-"]
[White "quitinho_"]
[Black "geodiego"]
[Result "1-0"]
[WhiteElo "1602"]
[BlackElo "1466"]

1. d4 d5 2. c4 dxc4 3. Nc3 c6 4. a4 e6 5. e4 Bb4 6. e5 Qa5 7. Bd2 f6 8. Nf3 Qd8
9. Ne4 Be7 10. Bf4 f5 11. Nd6+ Bxd6 12. exd6 b5 13. Ne5 Qxd6 14. Qh5+ Ke7 15.
Ng6+ Kd8 16. Bxd6 hxg6 17. Qxh8 Kd7 18. Qxg8 Kxd6 19. Qxc8 bxa4 20. Bxc4 e5 21.
dxe5+ Kxe5 22. O-O-O a5 23. g3 g5 24. Qe6# 1-0

[Event "AUTO-OPEN-623"]
[Site "http://www.queenalice.com/game.php?id=196588"]
[Date "2007.4.14"]
[Round "1"]
[White "geodiego"]
[Black "polso"]
[Result "0-1"]
[WhiteElo "1439"]
[BlackElo "1571"]

1. e4 d6 2. d3 Nf6 3. Nc3 g6 4. Nf3 Bg7 5. Bg5 O-O 6. e5 dxe5 7. Nxe5 Nd5 8. Nf3
Nxc3 9. bxc3 Bxc3+ 10. Ke2 Bxa1 11. Qxa1 f6 12. Bh6 Re8 13. g4 Bxg4 14. Qb2
Bxf3+ 15. Kxf3 Qd5+ 16. Ke2 Qxh1 17. Qb3+ e6 18. h3 Nc6 19. Ke1 Nd4 20. Qc3 Qd5
21. Kd1 Qh5+ 22. Be2 Qxe2+ 23. Kc1 c5 24. Qxc5 Rac8 25. Qxd4 Qxc2# 0-1

[Event "AUTO-OPEN-623"]
[Site "http://www.queenalice.com/game.php?id=196589"]
[Date "2007.4.14"]
[Round "1"]
[White "polso"]
[Black "geodiego"]
[Result "1-0"]
[WhiteElo "1500"]
[BlackElo "1453"]

1. d4 d5 2. Nf3 Nf6 3. c4 dxc4 4. e3 Be6 5. Nc3 c6 6. a4 Nbd7 7. Ng5 Nb6 8. Nxe6
fxe6 9. a5 Nbd5 10. Bxc4 Nxc3 11. bxc3 Ne4 12. Bxe6 Nxc3 13. Qb3 Nb5 14. Bd2 Nc7
15. Bf7+ Kd7 16. O-O g6 17. Rfd1 Bg7 18. Bc3 Rb8 19. d5 Nxd5 20. Bxg7 Kc8 21.
Bxd5 Qc7 22. Be6+ 1-0